LIBRARY & INFORMATION CENTRE, KCAET, TAVANUR

ONLINE PUBLIC ACCESS CATALOGUE (OPAC)

Computers and commonsense / (Record no. 9771)

MARC details
000 -LEADER
fixed length control field 00477cam a2200193ua 4500
041 ## - LANGUAGE CODE
Language code of text/sound track or separate title eng
082 ## - DEWEY DECIMAL CLASSIFICATION NUMBER
Classification number 004
Item number HUN/CO
100 ## - MAIN ENTRY--AUTHOR NAME
Personal name Hunt, Roger .
245 ## - TITLE STATEMENT
Title Computers and commonsense /
250 ## - EDITION STATEMENT
Edition statement 3 /
260 ## - PUBLICATION, DISTRIBUTION, ETC. (IMPRINT)
Place of publication New Delhi :
Name of publisher Prentice Hall of India Pvt Ltd. ,
Year of publication 1986.
300 ## - PHYSICAL DESCRIPTION
Number of Pages 175 ; .
700 1# - ADDED ENTRY--PERSONAL NAME
Personal name Shelly, John .
942 ## - ADDED ENTRY ELEMENTS (KOHA)
Koha item type Books
Holdings
Withdrawn status Lost status Damaged status Home library Current library Date acquired Full call number Accession Number Koha item type
      KAUAET KAUAET 07/04/2012 004 15690 Books
free website counter